<?xml version="1.0" encoding="UTF-8"?><?xml-stylesheet type="text/xsl" href="static/style.xsl"?><OAI-PMH xmlns="http://www.openarchives.org/OAI/2.0/" xmlns:xsi="http://www.w3.org/2001/XMLSchema-instance" xsi:schemaLocation="http://www.openarchives.org/OAI/2.0/ http://www.openarchives.org/OAI/2.0/OAI-PMH.xsd"><responseDate>2026-05-17T03:15:13Z</responseDate><request verb="GetRecord" identifier="oai:riubu.ubu.es:10259/11618" metadataPrefix="marc">https://riubu.ubu.es/oai/request</request><GetRecord><record><header><identifier>oai:riubu.ubu.es:10259/11618</identifier><datestamp>2026-05-15T00:05:29Z</datestamp><setSpec>com_10259_7942</setSpec><setSpec>com_10259_5086</setSpec><setSpec>com_10259_2604</setSpec><setSpec>col_10259_8416</setSpec></header><metadata><record xmlns="http://www.loc.gov/MARC21/slim" xmlns:doc="http://www.lyncode.com/xoai" xmlns:xsi="http://www.w3.org/2001/XMLSchema-instance" xmlns:dcterms="http://purl.org/dc/terms/" xsi:schemaLocation="http://www.loc.gov/MARC21/slim http://www.loc.gov/standards/marcxml/schema/MARC21slim.xsd">
<leader>00925njm 22002777a 4500</leader>
<datafield tag="042" ind1=" " ind2=" ">
<subfield code="a">dc</subfield>
</datafield>
<datafield tag="720" ind1=" " ind2=" ">
<subfield code="a">Hoyos Alonso, Julián</subfield>
<subfield code="e">author</subfield>
</datafield>
<datafield tag="260" ind1=" " ind2=" ">
<subfield code="c">2024-11</subfield>
</datafield>
<datafield tag="520" ind1=" " ind2=" ">
<subfield code="a">Entre 1922 y 1929 Asterio Mañanós pintó los retratos de cuatro palentinos ilustres: Jorge Manrique, Alonso Berruguete, Íñigo López de Mendoza y Modesto Lafuente; quienes habían destacado, en diferentes momentos de la historia, por sus contribuciones en los campos de las artes, de las letras y de los estudios históricos. Aquellas pinturas fueron presentadas, en años sucesivos, a las Exposiciones Nacionales de Bellas Artes y Universal de Barcelona. En el presente trabajo se analiza el origen del encargo, las obras y sus posibles fuentes de inspiración, la valoración crítica por parte de sus contemporáneos y la fortuna posterior.</subfield>
</datafield>
<datafield tag="520" ind1=" " ind2=" ">
<subfield code="a">Between 1922 and 1929 Asterio Mañanós painted the portraits of four illustrious Palencia-born artists: Jorge Manrique, Alonso Berruguete, Íñigo López de Mendoza and Modesto Lafuente, who had stood out at different periods in history for their contributions in the fields of the arts, literature and historical studies. These paintings were presented in successive years at the National Fine Arts and Universal Exhibition in  Barcelona.  This  paper  analyses  the  origin  of  the  commission,  the  works  and  their  possible sources of inspiration, the critical appraisal by his contemporaries and their subsequent fortunes.</subfield>
</datafield>
<datafield tag="024" ind2=" " ind1="8">
<subfield code="a">2605-4450</subfield>
</datafield>
<datafield tag="024" ind2=" " ind1="8">
<subfield code="a">https://hdl.handle.net/10259/11618</subfield>
</datafield>
<datafield tag="024" ind2=" " ind1="8">
<subfield code="a">10.22429/Euc2024.sep.07.07</subfield>
</datafield>
<datafield tag="024" ind2=" " ind1="8">
<subfield code="a">2605-5317</subfield>
</datafield>
<datafield ind1=" " ind2=" " tag="653">
<subfield code="a">Jorge Manrique</subfield>
</datafield>
<datafield ind1=" " ind2=" " tag="653">
<subfield code="a">Alonso Berruguete</subfield>
</datafield>
<datafield ind1=" " ind2=" " tag="653">
<subfield code="a">Íñigo López de Mendoza</subfield>
</datafield>
<datafield ind1=" " ind2=" " tag="653">
<subfield code="a">Modesto Lafuente</subfield>
</datafield>
<datafield ind1=" " ind2=" " tag="653">
<subfield code="a">Exposición Nacional de Bellas Artes</subfield>
</datafield>
<datafield ind1=" " ind2=" " tag="653">
<subfield code="a">Retrato</subfield>
</datafield>
<datafield ind1=" " ind2=" " tag="653">
<subfield code="a">Pintura de historia</subfield>
</datafield>
<datafield ind1=" " ind2=" " tag="653">
<subfield code="a">Palencia</subfield>
</datafield>
<datafield ind1=" " ind2=" " tag="653">
<subfield code="a">National Exhibition of Fine Arts</subfield>
</datafield>
<datafield ind1=" " ind2=" " tag="653">
<subfield code="a">Portrait</subfield>
</datafield>
<datafield ind1=" " ind2=" " tag="653">
<subfield code="a">History painting</subfield>
</datafield>
<datafield tag="245" ind1="0" ind2="0">
<subfield code="a">El laureado pintor Asterio Mañanós y su galería de personajes ilustres (1922-1929), aproximación a un conjunto pictórico parcialmente desaparecido</subfield>
</datafield>
</record></metadata></record></GetRecord></OAI-PMH>